Squid Gamers - Statistics

General Stats
  • This quiz has been taken 63 times
  • The average score is 20 of 31
Answer Stats
Hint Answer % Correct
Main character 456
100%
Ugly purple hair dude 230
83%
Crypto guy 333
83%
Old guy 001
79%
Hot girl 067
79%
Hot pregnant girl 222
79%
Old O voter 100
77%
Purple guy's ugly friend 124
77%
Son of 149 007
74%
Sigma trans guy 120
74%
Pakistan guy 199
74%
PTSD guy 388
74%
Main guy's friend 390
74%
Fat guy 101
72%
Old mother 149
72%
Ugly nerd who killed the hot girl 218
70%
Ugly pick me girl 212
68%
Cancer girl's dad 246
66%
Hot guard 011
64%
Fat shaman 044
64%
THE BEST CHARACTER IN THE SHOW 125
64%
Alpha sigma girl 380
64%
Hot girl's friend 240
60%
Glass guy 017
55%
Sigma trans guy's friend 095
51%
OUT 256
47%
Old O voter's friend 226
40%
Fat guy's friend 278
36%
Fat guy's OTHER friend 303
32%
Fat guy's other friend 040
30%
X voter guy 047
28%
No matching quizzes found
Score Distribution
Percent of People with Each Score
Percentile by Number Answered
Your Score History
You have not taken this quiz